000 01368cam a2200373 i 4500
999 _c200425069
_d41523
001 200425069
003 TR-AnTOB
005 20190822100031.0
007 ta
008 160923s2015 tu e tur d
020 _a9789754649987
040 _aTRTET
_beng
_erda
_cTR-AnTOB
_dTR-AnTOB
041 0 _atur
050 0 0 _aKKX1888
090 _aKKX1888
_b.P45 2015
100 1 _aPekcanıtez, Hakan,
_d1956-
_eauthor
_977815
245 1 0 _aİcra ve iflâs hukuku pratik çalışmalar /
_cProf. Dr. Hakan Pekcanıtez, Prof. Dr. Muhammet Özekes.
250 _aGözden geçirilmiş ve yenilenmiş 15. bası
264 1 _aAnkara :
_bYetkin,
_c2015.
264 4 _c©2015
300 _a439 pages :
_bcharts ;
_c24 cm.
336 _atext
_btxt
_2rdacontent
337 _aunmediated
_bn
_2rdamedia
338 _avolume
_bnc
_2rdacarrier
504 _aIncludes bibliographical references and index.
505 _aPart I. Pratik Çalışmalar ve Şematik Açıklamalar Part II. Test Soruları Part III. Sınav Soruları Part IV. Uygulama Örnekleri ve Dilekçeler
650 7 _aİflas
_zTürkiye
_2etuturkob
_981044
650 7 _aİcra-iflas hukuku
_zTürkiye
_2etuturkob
_9115811
650 7 _aİcra-iflas hukuku
_zTürkiye
_2etuturkob
_9115811
700 1 _aÖzekes, Muhammet,
_d1967-
_eauthor
_977817
942 _2lcc
_cBK